Statistiques concernant Pays africains avec la plus âgée population

Cliquez ici pour prendre le quiz!

Statistiques générales

  • Ce quiz a été pris 95 fois
  • Le résultat moyen est 8 sur 10

Statistiques - réponses

Âge moyenVieux pays% Correct
29.3Maroc
98%
28.1Algerie
97%
23.9Egypte
92%
31.6Tunisie
92%
27.1Afrique du Sud
90%
28.9Libye
86%
25.4Cap-Vert
59%
35.4Seychelles
53%
35.3Maurice
52%
24.5Botswana
32%

Distribution des résultats

Percentile par nombre de réponses

% des personnes avec chaque résultat

Votre développement - résultats

Vous n’avez pas pris ce quiz